Corpoamazonia (Registro nro. 159)

Detalles MARC
000 -CABECERA
Campo de control 00863nam a2200265 a 4500
005 - FECHA Y HORA DE LA ULTIMA TRANSACCION
Campo de control 20140219084929.0
008 - ELEMENTOS DE LONGITUD FIJA—INFORMACION GENERAL
Campo de control 140219b1995 ck ||||| |||| 00| 0 spa d
041 ## - IDIOMA
Código de idioma para texto/pista de sonido o título separado Español
044 ## - PAÍS DE PUBLICACIÓN
País de publicación Colombia
090 ## - CLASIFICACIÓN LOCAL
Colección LB
Consecutivo 00139
110 ## - ASIENTO PRINCIPAL--NOMBRE CORPORATIVO
Unidad subordinad Colombia. Ministerio del Medio Ambiente
245 ## - MENCION DE TITULO
Título Corpoamazonia
Parte restante del título [informes anuales y planes de acción]
260 ## - PUBLICACION, DISTRIBUCION, ETC. (PIE DE IMPRENTA)
Lugar de publicación, distribución, etc. Mocoa
Nombre del editor, distribuidor, etc. CORPOAMAZONIA
Fecha de publicación, distribución, etc. 1995
300 ## - DESCRIPCION FISICA
Extensión 4 vol.
505 ## - NOTA DE CONTENIDO
Nota de contenido Vol. 1: Informe anual 1995
505 ## - NOTA DE CONTENIDO
Nota de contenido Vol. 2: Informe de la gestión ambiental - objetivos y retos 1996
505 ## - NOTA DE CONTENIDO
Nota de contenido Vol. 3: Plan de acción 1995-1997
505 ## - NOTA DE CONTENIDO
Nota de contenido Vol. 4: Plan de acción trienal 2001-2003
650 ## - ASIENTO SECUNDARIO DE MATERIA - TERMINO TEMATICO
Término temático o nombre geográfico como elemento de entrada Gestión ambiental
650 ## - ASIENTO SECUNDARIO DE MATERIA - TERMINO TEMATICO
Término temático o nombre geográfico como elemento de entrada Planes de manejo ambiental
650 ## - ASIENTO SECUNDARIO DE MATERIA - TERMINO TEMATICO
Término temático o nombre geográfico como elemento de entrada Plan de acción
650 ## - ASIENTO SECUNDARIO DE MATERIA - TERMINO TEMATICO
Término temático o nombre geográfico como elemento de entrada Comunidades indígenas
662 ## - ASIENTO SECUNDARIO DE MATERIA - JERARQUIA DEL NOMBRE DE LUGAR(
País o entidad mayor Colombia
Jurisdicción política de primer orden Amazonas
942 ## - ELEMENTOS ADICIONALES (KOHA)
Tipo de ítem Impreso
Sistema de clasificación Local

No hay ítems disponibles.